[Event "Titled Tuesday intern op 16th Jan Early"]
[Site "Chess.com INT"]
[Date "2024.01.16"]
[Round "1"]
[White "Borda Rodas, Anapaola S"]
[Black "Kozlov, Gennady"]
[Result "0-1"]
[WhiteElo "2241"]
[BlackElo "2404"]
[PlyCount "82"]
[EventDate "2024.01.16"]
[EventType "swiss (blitz)"]
[EventRounds "11"]
[EventCountry "USA"]
[SourceTitle "CB04_2024"]
[SourceDate "2023.10.16"]
[SourceVersion "1"]
[SourceVersionDate "2023.10.16"]
[SourceQuality "1"]

1. e4 e6 2. d4 d5 3. Nc3 Nf6 4. e5 Nfd7 5. f4 c5 6. Nf3 Nc6 7. Be3 Qb6 8. Na4 Qa5+ 9. c3 cxd4 10. b4 Nxb4 11. cxb4 Bxb4+ 12. Bd2 Bxd2+ 13. Nxd2 b5 14. Nb2 0-0 15. Nd3 Nb6 16. Kf2 Nc4 17. Nb3 Qb6 18. Ndc5 a5 19. Qxd4 a4 20. Nc1 f6 21. exf6 Rxf6 22. Bxc4 bxc4 23. Ne2 Ra5 24. Nxe6 Qxe6 25. Rhe1 Qe4 26. Qxe4 dxe4 27. Ke3 Bb7 28. Nc3 Rd6 29. Rad1 Rd3+ 30. Rxd3 exd3 31. Kd4 Bxg2 32. Kxc4 d2 33. Re8+ Kf7 34. Rd8 Rh5 35. Rxd2 Rxh2 36. Kb4 h5 37. Nxa4 h4 38. Nc5 h3 39. a4 Rh1 40. a5 Rb1+ 41. Ka3 h2 0-1

[Event "Buenos Aires simul"]
[Site "Buenos Aires"]
[Date "2023.12.01"]
[Round "1"]
[White "Martirosyan, Haik M"]
[Black "Borda Rodas, Anapaola S"]
[Result "1-0"]
[WhiteElo "2678"]
[BlackElo "2241"]
[PlyCount "67"]
[EventDate "2023.12.01"]
[EventType "simul"]
[EventRounds "1"]
[EventCountry "ARG"]
[SourceTitle "CB49_2023"]
[SourceDate "2023.12.06"]
[SourceVersion "1"]
[SourceVersionDate "2023.12.06"]
[SourceQuality "1"]
[WhiteTeam "Martirosyan"]
[BlackTeam "Argentina Olympic Youth"]
[WhiteTeamCountry "ARM"]
[BlackTeamCountry "ARG"]

1. d4 d5 2. c4 dxc4 3. Nf3 Nf6 4. e3 Bg4 5. Bxc4 e6 6. h3 Bh5 7. 0-0 a6 8. Be2 Nc6 9. Nbd2 Bd6 10. Nc4 0-0 11. b3 b5 12. Nxd6 cxd6 13. Bb2 Qb6 14. Ne1 Bxe2 15. Qxe2 a5 16. Nd3 a4 17. Rfc1 Rfc8 18. bxa4 Rxa4 19. Rc2 Rc4 20. Rac1 d5 21. Ba3 b4 22. Bb2 Na5 23. Ne5 Rxc2 24. Rxc2 Ra8 25. Rc5 Ne4 26. Rb5 Qc7 27. Rxb4 f6 28. Nd3 Nc6 29. Qc2 Rxa2 30. Rb3 Ra7 31. Ba3 Na5 32. Qxc7 Rxc7 33. Rb8+ Kf7 34. Nf4 1-0

[Event "ARG-ch (Women) 74th"]
[Site "Buenos Aires"]
[Date "2023.11.25"]
[Round "6"]
[White "Borda Rodas, Anapaola S"]
[Black "Encina, Guadalupe"]
[Result "1-0"]
[WhiteElo "2261"]
[BlackElo "1877"]
[PlyCount "63"]
[EventDate "2023.11.20"]
[EventType "swiss"]
[EventRounds "9"]
[EventCountry "ARG"]
[SourceTitle "CB49_2023"]
[SourceDate "2023.12.06"]
[SourceVersion "1"]
[SourceVersionDate "2023.12.06"]
[SourceQuality "1"]

1. e4 c5 2. Nf3 d6 3. Bb5+ Bd7 4. c4 Bxb5 5. cxb5 e5 6. Nc3 Nf6 7. d3 Be7 8. 0-0 0-0 9. Re1 a6 10. bxa6 Rxa6 11. Nd2 Nc6 12. Nc4 Na7 13. Qb3 b5 14. Nxb5 Qb8 15. Nba3 Qxb3 16. axb3 Rb8 17. Bg5 Rxb3 18. Bxf6 gxf6 19. Nc2 Rxa1 20. Rxa1 Nb5 21. Ra8+ Kg7 22. N4e3 f5 23. Nxf5+ Kf6 24. Nce3 Rxb2 25. h4 Nc7 26. Rc8 Rb7 27. Rxc7 Rxc7 28. Nd5+ Kg6 29. Nfxe7+ Rxe7 30. Nxe7+ Kf6 31. Nd5+ Ke6 32. g4 1-0

[Event "Buenos Aires Lopez Memorial"]
[Site "Buenos Aires"]
[Date "2023.07.01"]
[Round "5"]
[White "Borda Rodas, Anapaola S"]
[Black "Romero Barreto, Jaime Jose"]
[Result "1-0"]
[WhiteElo "1992"]
[BlackElo "2313"]
[PlyCount "63"]
[EventDate "2023.06.27"]
[EventType "tourn"]
[EventRounds "9"]
[EventCountry "ARG"]
[SourceTitle "EXT 2024"]
[Source "ChessBase"]
[SourceDate "2023.10.10"]
[SourceVersion "1"]
[SourceVersionDate "2023.10.10"]
[SourceQuality "1"]

1. e4 e5 2. Nf3 Nc6 3. Bc4 Bc5 4. Nc3 d6 5. d3 Nf6 6. Na4 a6 7. Nxc5 dxc5 8. a4 Qe7 9. Be3 h6 10. h3 b6 11. Nd2 Be6 12. Qe2 Nd4 13. Bxd4 cxd4 14. 0-0 Bxc4 15. Nxc4 0-0 16. f4 exf4 17. Rxf4 b5 18. Nd2 c5 19. Rf2 Nd7 20. Nf3 Rfb8 21. b4 a5 22. bxc5 Qxc5 23. e5 Re8 24. axb5 a4 25. Qe4 Nxe5 26. Nxe5 Qxe5 27. Qb7 f6 28. b6 Qb5 29. Qc7 Reb8 30. Re2 Kh8 31. Re7 Qxb6 32. Re8+ 1-0

[Event "Buenos Aires Lopez Memorial"]
[Site "Buenos Aires"]
[Date "2023.06.28"]
[Round "2"]
[White "Perez Candelas, Andres Eloy"]
[Black "Borda Rodas, Anapaola S"]
[Result "1/2-1/2"]
[WhiteElo "2160"]
[BlackElo "1992"]
[PlyCount "39"]
[EventDate "2023.06.27"]
[EventType "tourn"]
[EventRounds "9"]
[EventCountry "ARG"]
[SourceTitle "EXT 2024"]
[Source "ChessBase"]
[SourceDate "2023.10.10"]
[SourceVersion "1"]
[SourceVersionDate "2023.10.10"]
[SourceQuality "1"]

1. e4 e5 2. Nf3 Nc6 3. Nc3 Nf6 4. d4 Bb4 5. Nxe5 Qe7 6. Qd3 Bxc3+ 7. Qxc3 Nxe4 8. Qe3 Nd6 9. Nxc6 dxc6 10. Qxe7+ Kxe7 11. Bf4 Be6 12. 0-0-0 Kd7 13. f3 Rae8 14. Bd3 Bc4 15. Bxd6 Bxd3 16. Be5 Bc4 17. b3 Be6 18. h4 f6 19. Bf4 h5 20. Rhe1 1/2-1/2

[Event "Asuncion zt 2.5 (Women)"]
[Site "Asuncion"]
[Date "2023.03.10"]
[Round "8"]
[White "Campos, Maria Jose"]
[Black "Borda Rodas, Anapaola S"]
[Result "1-0"]
[WhiteElo "2216"]
[BlackElo "2179"]
[PlyCount "65"]
[EventDate "2023.03.05"]
[EventType "swiss"]
[EventRounds "9"]
[EventCountry "PAR"]
[SourceTitle "CBM 213 Extra"]
[Source "ChessBase"]
[SourceDate "2023.05.31"]
[SourceVersion "1"]
[SourceVersionDate "2023.05.31"]
[SourceQuality "1"]

1. c4 e5 2. g3 Nf6 3. Bg2 d5 4. cxd5 Nxd5 5. Nc3 Nb6 6. Nf3 Nc6 7. 0-0 Be7 8. b3 0-0 9. Bb2 Be6 10. Qc1 f5 11. d3 Bf6 12. Rd1 Nd4 13. e3 Nxf3+ 14. Bxf3 c6 15. Bg2 Rf7 16. Qc2 Rd7 17. a3 Qe7 18. Rab1 a5 19. Bc1 g5 20. b4 axb4 21. Rxb4 Nd5 22. Nxd5 cxd5 23. Qb1 Rc8 24. Bb2 Rdc7 25. Qa1 Bf7 26. Rb5 Qd7 27. Rb6 Bh5 28. Re1 Rc6 29. Rxc6 bxc6 30. Bxe5 Be7 31. Bf6 Ra8 32. Qe5 Bd6 33. Bxd5+ 1-0

[Event "Asuncion zt 2.5 (Women)"]
[Site "Asuncion"]
[Date "2023.03.08"]
[Round "6"]
[White "Borda Rodas, Anapaola S"]
[Black "Fernandez, Maria Florencia"]
[Result "1-0"]
[WhiteElo "2179"]
[BlackElo "2128"]
[PlyCount "95"]
[EventDate "2023.03.05"]
[EventType "swiss"]
[EventRounds "9"]
[EventCountry "PAR"]
[SourceTitle "CBM 213 Extra"]
[Source "ChessBase"]
[SourceDate "2023.05.31"]
[SourceVersion "1"]
[SourceVersionDate "2023.05.31"]
[SourceQuality "1"]

1. e4 c5 2. Nf3 Nc6 3. Bb5 e5 4. 0-0 Bd6 5. c3 a6 6. Ba4 b5 7. Bc2 Nge7 8. Re1 Qc7 9. a4 b4 10. d3 Ng6 11. h4 Be7 12. g3 d6 13. Bb3 Bg4 14. Nbd2 Rb8 15. Bd5 Bf6 16. Nf1 Nge7 17. Ne3 Bd7 18. Bc4 Qc8 19. a5 0-0 20. h5 h6 21. Kh1 Qc7 22. Nh2 Kh8 23. Neg4 Ng8 24. Nxf6 Nxf6 25. g4 Nh7 26. f4 exf4 27. Bxf4 Nxa5 28. Bxd6 Qxd6 29. Rxa5 bxc3 30. Rxa6 Qg3 31. Rg1 Qh4 32. bxc3 Rb2 33. Rg2 Rxg2 34. Kxg2 Ng5 35. Rb6 Ra8 36. Rb1 Nh3 37. Qf3 Ng5 38. Qg3 Qxg3+ 39. Kxg3 Ra3 40. Rc1 Ra4 41. Nf3 Nxf3 42. Kxf3 f6 43. Rb1 Ra8 44. Rb7 Ba4 45. Rc7 Bd1+ 46. Kf4 Ra1 47. Rc8+ Kh7 48. Bg8+ 1-0

[Event "Asuncion zt 2.5 (Women)"]
[Site "Asuncion"]
[Date "2023.03.06"]
[Round "2"]
[White "Borda Rodas, Anapaola S"]
[Black "Perez Rodriguez, Jennifer"]
[Result "0-1"]
[WhiteElo "2179"]
[BlackElo "2254"]
[PlyCount "76"]
[EventDate "2023.03.05"]
[EventType "swiss"]
[EventRounds "9"]
[EventCountry "PAR"]
[SourceTitle "CBM 213 Extra"]
[Source "ChessBase"]
[SourceDate "2023.05.31"]
[SourceVersion "1"]
[SourceVersionDate "2023.05.31"]
[SourceQuality "1"]

1. e4 c5 2. Nf3 Nc6 3. d4 cxd4 4. Nxd4 g6 5. c4 Bg7 6. Be3 Nf6 7. Nc3 Ng4 8. Qxg4 Nxd4 9. Qd1 Nc6 10. Qd2 0-0 11. Be2 d6 12. 0-0 Be6 13. Rac1 Qa5 14. f4 Rac8 15. a3 a6 16. Rfd1 Rfe8 17. Rc2 Nb8 18. Qc1 Nd7 19. Nd5 f5 20. Bd3 Nc5 21. b4 Nxd3 22. Rxd3 fxe4 23. bxa5 exd3 24. Nb6 dxc2 25. Qxc2 Rc6 26. Qe4 Bf5 27. Qd5+ e6 28. Qd1 e5 29. h3 exf4 30. Bxf4 Be5 31. Bxe5 Rxe5 32. Qd2 Be6 33. Qb4 Rec5 34. Na4 Rxc4 35. Qxb7 Bd5 36. Nb6 Rc1+ 37. Kh2 Rh1+ 38. Kg3 Rc3+ 0-1

[Event "Asuncion zt 2.5 (Women)"]
[Site "Asuncion"]
[Date "2023.03.06"]
[Round "3"]
[White "Oviedo Acosta, Paula"]
[Black "Borda Rodas, Anapaola S"]
[Result "1/2-1/2"]
[WhiteElo "1763"]
[BlackElo "2179"]
[PlyCount "114"]
[EventDate "2023.03.05"]
[EventType "swiss"]
[EventRounds "9"]
[EventCountry "PAR"]
[SourceTitle "CBM 213 Extra"]
[Source "ChessBase"]
[SourceDate "2023.05.31"]
[SourceVersion "1"]
[SourceVersionDate "2023.05.31"]
[SourceQuality "1"]

1. e4 e5 2. Nf3 Nc6 3. Bc4 Bc5 4. c3 Nf6 5. d3 d6 6. Bb3 a6 7. Nbd2 b5 8. a4 Rb8 9. axb5 axb5 10. 0-0 Bb6 11. Re1 0-0 12. Nf1 Ne7 13. Ng3 Ng6 14. d4 Bg4 15. Nf5 Qd7 16. dxe5 Nxe4 17. Nh6+ gxh6 18. Rxe4 Qf5 19. Rxg4 Qxg4 20. Bxh6 dxe5 21. Bxf8 Rxf8 22. Qd5 e4 23. Qg5 Qxg5 24. Nxg5 e3 25. Ne4 Kg7 26. fxe3 Bxe3+ 27. Kf1 Re8 28. Ng3 Re5 29. Rd1 c5 30. Bc2 Bf4 31. Rd3 Nh4 32. b3 h6 33. c4 b4 34. Kf2 Kf8 35. Ne2 Bg5 36. Rd5 Re8 37. g3 Be3+ 38. Kf1 Nf3 39. h4 Nd4 40. Nxd4 Bxd4 41. Bd1 Re3 42. g4 Rh3 43. h5 Rh1+ 44. Ke2 Kg7 45. Rf5 Rg1 46. Kd2 Rg2+ 47. Be2 Rg3 48. Bd1 f6 49. Rd5 Kf7 50. Rd7+ Ke6 51. Rd5 Bg1 52. Kc1 Bd4 53. Kd2 Rg1 54. Bf3 Rb1 55. Bd1 Ra1 56. Bc2 Ra2 57. Kc1 Be3+ 1/2-1/2

[Event "Santa Fe Perez op"]
[Site "Santa Fe"]
[Date "2023.01.29"]
[Round "6"]
[White "Borda Rodas, Anapaola S"]
[Black "Fiorito, Fabian"]
[Result "0-1"]
[WhiteElo "2172"]
[BlackElo "2342"]
[PlyCount "70"]
[EventDate "2023.01.26"]
[EventType "swiss"]
[EventRounds "7"]
[EventCountry "ARG"]
[SourceTitle "CBM 212 Extra"]
[Source "ChessBase"]
[SourceDate "2023.03.31"]
[SourceVersion "1"]
[SourceVersionDate "2023.03.31"]
[SourceQuality "1"]

1. e4 c5 2. Nf3 e6 3. g3 Nc6 4. Bg2 Nf6 5. Qe2 d6 6. 0-0 Be7 7. Rd1 0-0 8. c3 d5 9. e5 Nd7 10. d4 Qb6 11. h4 cxd4 12. cxd4 Qa6 13. Qc2 f6 14. exf6 Nxf6 15. Nc3 Bd6 16. Bg5 Qb6 17. Bxf6 Rxf6 18. Ng5 g6 19. Qd2 Ne7 20. h5 gxh5 21. Nh3 h6 22. Ne2 Bd7 23. Nhf4 Be8 24. Bf3 h4 25. Bg4 Bxf4 26. Nxf4 hxg3 27. fxg3 e5 28. Ne2 Rg6 29. Bh3 Rg5 30. Kh2 Bh5 31. Rf1 Bxe2 32. Qxe2 e4 33. Qf2 Rg7 34. Rac1 Qd6 35. Qf6 Qxg3+ 0-1

[Event "Vicente Lopez ProAm 100 Years op"]
[Site "Buenos Aires"]
[Date "2022.10.17"]
[Round "8"]
[White "Perez Novoa, Lucas"]
[Black "Borda Rodas, Anapaola S"]
[Result "0-1"]
[WhiteElo "1734"]
[BlackElo "2183"]
[PlyCount "74"]
[EventDate "2022.10.11"]
[EventType "swiss"]
[EventRounds "9"]
[EventCountry "ARG"]
[SourceTitle "CBM 210 Extra"]
[Source "ChessBase"]
[SourceDate "2022.11.30"]
[SourceVersion "1"]
[SourceVersionDate "2022.11.30"]
[SourceQuality "1"]

1. d4 Nf6 2. c4 g6 3. Nf3 Bg7 4. g3 0-0 5. Bg2 d5 6. 0-0 dxc4 7. Na3 Nc6 8. Nxc4 Be6 9. Nce5 Bd5 10. Bf4 Nh5 11. Be3 Qd6 12. Rc1 Rfd8 13. Qc2 h6 14. Rfd1 Qe6 15. Nd3 Nf6 16. Nc5 Qc8 17. h3 a5 18. a3 b6 19. Ne5 Bxg2 20. Kxg2 Nxe5 21. dxe5 Nd5 22. Nd3 Nxe3+ 23. fxe3 c5 24. Qc4 Qb7+ 25. Kh2 b5 26. Nxc5 Rxd1 27. Nxb7 bxc4 28. Rxd1 Bxe5 29. Rd2 a4 30. Rc2 Rc8 31. Na5 c3 32. bxc3 Bxc3 33. Nb7 Rc7 34. Nd8 Kf8 35. Kg2 Ke8 36. Nb7 Kd7 37. Kf3 Kc8 0-1

[Event "Olympiad Women-44"]
[Site "Chennai"]
[Date "2022.08.05"]
[Round "7.3"]
[White "Borda Rodas, Anapaola S"]
[Black "Zatonskih, Anna"]
[Result "1/2-1/2"]
[WhiteElo "2183"]
[BlackElo "2383"]
[PlyCount "60"]
[EventDate "2022.07.29"]
[EventType "team-swiss"]
[EventRounds "11"]
[EventCountry "IND"]
[SourceTitle "CBM 210"]
[Source "ChessBase"]
[SourceDate "2022.10.31"]
[SourceVersion "1"]
[SourceVersionDate "2022.10.31"]
[SourceQuality "1"]
[WhiteTeam "Argentina (W)"]
[BlackTeam "United States (W)"]
[WhiteTeamCountry "ARG"]
[BlackTeamCountry "USA"]

1. e4 e6 2. d4 d5 3. Nc3 Nc6 4. Nf3 Nf6 5. exd5 exd5 6. Bd3 Bg4 7. Be3 Be7 8. h3 Bh5 9. g4 Bg6 10. Ne5 Bxd3 11. Qxd3 Nb4 12. Qe2 c6 13. a3 Qa5 14. 0-0 Na6 15. b4 Qc7 16. Bf4 Qc8 17. b5 Nb8 18. bxc6 bxc6 19. g5 Ne4 20. Nxe4 dxe4 21. Qxe4 Qxh3 22. Nxc6 Qg4+ 23. Kh1 Qh4+ 24. Kg1 Qg4+ 25. Kh1 Qh4+ 26. Kg1 Qg4+ 27. Kh1 Qh4+ 28. Kg1 Qg4+ 29. Kh1 Qh4+ 30. Kg1 Qg4+ 1/2-1/2

[Event "Pan American-ch U18 Girls"]
[Site "Montevideo"]
[Date "2022.06.27"]
[Round "2"]
[White "Perez Hernandez, Vicmary C"]
[Black "Borda Rodas, Anapaola S"]
[Result "0-1"]
[WhiteElo "1862"]
[BlackElo "2168"]
[PlyCount "60"]
[EventDate "2022.06.26"]
[EventType "swiss"]
[EventRounds "9"]
[EventCountry "URU"]
[SourceTitle "EXT 2023"]
[Source "ChessBase"]
[SourceDate "2022.10.05"]
[SourceVersion "1"]
[SourceVersionDate "2022.10.05"]
[SourceQuality "1"]

1. e4 e5 2. Nf3 Nc6 3. Bb5 a6 4. Ba4 Nf6 5. d4 exd4 6. 0-0 Be7 7. Re1 b5 8. Bb3 d6 9. Bd5 Nxd5 10. exd5 Ne5 11. Nxd4 0-0 12. a4 Bd7 13. Nc3 Rb8 14. f4 Ng4 15. axb5 axb5 16. Ncxb5 Bf6 17. Qd3 Bxd4+ 18. Nxd4 Nxh2 19. Qg3 Ng4 20. f5 h5 21. b3 Re8 22. Bb2 Qg5 23. Bc1 Rxe1+ 24. Qxe1 Qf6 25. Bb2 Re8 26. Qd2 Qe5 27. Kf1 Qh2 28. Nf3 Qh1+ 29. Ng1 Ne3+ 30. Ke2 Nc4+ 0-1

[Event "Neuquen Las Balsas op"]
[Site "Neuquen"]
[Date "2022.06.19"]
[Round "6"]
[White "Borda Rodas, Anapaola S"]
[Black "Zuriel, Marisa"]
[Result "1/2-1/2"]
[WhiteElo "2168"]
[BlackElo "2166"]
[PlyCount "59"]
[EventDate "2022.06.17"]
[EventType "swiss"]
[EventRounds "7"]
[EventCountry "ARG"]
[SourceTitle "CBM 208 Extra"]
[Source "ChessBase"]
[SourceDate "2022.07.31"]
[SourceVersion "1"]
[SourceVersionDate "2022.07.31"]
[SourceQuality "1"]

1. e4 e5 2. Nf3 d6 3. d4 exd4 4. Nxd4 Nf6 5. Nc3 Be7 6. h3 0-0 7. Be2 Re8 8. 0-0 Bf8 9. Bf3 Nbd7 10. g4 h6 11. Bg2 Nc5 12. Re1 a5 13. a4 c6 14. Bf4 Qb6 15. Qd2 Bd7 16. Bg3 Rad8 17. Kh2 Bc8 18. b3 g6 19. Rad1 Bg7 20. f4 Qb4 21. Bh4 Rd7 22. Bf3 Ne6 23. Nce2 Qb6 24. Nxe6 Rxe6 25. Nd4 Re8 26. Bf2 Qc7 27. Bg3 Qb6 28. Bf2 Qc7 29. Bg3 Qb6 30. Bf2 1/2-1/2

[Event "Neuquen Las Balsas op"]
[Site "Neuquen"]
[Date "2022.06.17"]
[Round "2"]
[White "Borda Rodas, Anapaola S"]
[Black "Pichot, Alan"]
[Result "0-1"]
[WhiteElo "2168"]
[BlackElo "2641"]
[PlyCount "74"]
[EventDate "2022.06.17"]
[EventType "swiss"]
[EventRounds "7"]
[EventCountry "ARG"]
[SourceTitle "CBM 208 Extra"]
[Source "ChessBase"]
[SourceDate "2022.07.31"]
[SourceVersion "1"]
[SourceVersionDate "2022.07.31"]
[SourceQuality "1"]

1. e4 c5 2. Nf3 d6 3. Bb5+ Nd7 4. 0-0 Ngf6 5. Re1 e6 6. c3 a6 7. Bf1 b5 8. d4 Bb7 9. e5 dxe5 10. dxe5 Nd5 11. Bg5 Be7 12. Bxe7 Nxe7 13. c4 b4 14. Nbd2 0-0 15. Bd3 Ng6 16. Qc2 Qc7 17. Re3 Rfd8 18. Rae1 Ndf8 19. h4 h6 20. h5 Ne7 21. g4 Qc6 22. Be4 Qc8 23. Bxb7 Qxb7 24. Ne4 Qc7 25. Rd1 Nd7 26. Ng3 Nc6 27. Qe4 Nd4 28. Nxd4 cxd4 29. Rxd4 Nc5 30. Rxd8+ Rxd8 31. Qf3 Rd2 32. Ne4 Rxb2 33. Nxc5 Qxc5 34. Qa8+ Qf8 35. Qxf8+ Kxf8 36. Rb3 Rxb3 37. axb3 a5 0-1

[Event "Online Olym Div Top-C"]
[Site "Chess.com INT"]
[Date "2021.09.11"]
[Round "7.3"]
[White "Borda Rodas, Anapaola S"]
[Black "Zhukova, Natalia"]
[Result "1/2-1/2"]
[WhiteElo "2162"]
[BlackElo "2331"]
[PlyCount "131"]
[EventDate "2021.09.09"]
[EventType "team (rapid)"]
[EventRounds "9"]
[EventCountry "USA"]
[SourceTitle "CBM 204 Extra"]
[Source "ChessBase"]
[SourceDate "2021.11.30"]
[SourceVersion "1"]
[SourceVersionDate "2021.11.30"]
[SourceQuality "1"]
[WhiteTeam "Argentina"]
[BlackTeam "Ukraine"]
[WhiteTeamCountry "ARG"]
[BlackTeamCountry "UKR"]

1. e4 e5 2. Nf3 Nc6 3. Nc3 Nf6 4. d4 exd4 5. Nxd4 Bb4 6. Nxc6 bxc6 7. Bd3 0-0 8. 0-0 Re8 9. Bg5 h6 10. Bh4 d5 11. exd5 g5 12. Bg3 cxd5 13. Nb5 Ba5 14. c3 Bd7 15. a4 a6 16. Nd4 Ne4 17. Bxe4 dxe4 18. b4 Bb6 19. a5 Ba7 20. Qh5 Qf6 21. Rad1 Kg7 22. f4 Qg6 23. Qxg6+ Kxg6 24. fxg5 hxg5 25. Bxc7 Rec8 26. Bb6 Bxb6 27. axb6 Rxc3 28. Nf3 Be6 29. Ne5+ Kg7 30. Nxf7 Rb3 31. Nxg5 Bc4 32. Rf4 Rxb4 33. Nxe4 Rxb6 34. Rd7+ Kg6 35. h3 Bb5 36. Rdf7 Rd8 37. Ng3 Rd7 38. Rf8 a5 39. Ra8 a4 40. h4 Kh6 41. Kh2 Kh7 42. Rb4 Rdb7 43. h5 Bc6 44. Rxb6 Rxb6 45. Ra7+ Kh6 46. Ra5 Rb2 47. Nf5+ Kh7 48. Ra7+ Kh8 49. Ra6 Rxg2+ 50. Kh3 Rg5 51. Rxc6 Rxf5 52. Kg4 Rf1 53. Ra6 Ra1 54. Kg5 a3 55. Kg6 Rg1+ 56. Kh6 Rg8 57. Rxa3 Rb8 58. Ra6 Rc8 59. Rg6 Rb8 60. Rc6 Rd8 61. Kg6 Rg8+ 62. Kf6 Kh7 63. Kf7 Rg1 64. Rf6 Rg5 65. h6 Rh5 66. Ke6 1/2-1/2

[Event "Online Olym Div Top-C"]
[Site "Chess.com INT"]
[Date "2021.09.11"]
[Round "8.3"]
[White "Heinemann, Josefine"]
[Black "Borda Rodas, Anapaola S"]
[Result "1/2-1/2"]
[WhiteElo "2292"]
[BlackElo "2162"]
[PlyCount "65"]
[EventDate "2021.09.09"]
[EventType "team (rapid)"]
[EventRounds "9"]
[EventCountry "USA"]
[SourceTitle "CBM 204 Extra"]
[Source "ChessBase"]
[SourceDate "2021.11.30"]
[SourceVersion "1"]
[SourceVersionDate "2021.11.30"]
[SourceQuality "1"]
[WhiteTeam "Germany"]
[BlackTeam "Argentina"]
[WhiteTeamCountry "GER"]
[BlackTeamCountry "ARG"]

1. e4 e5 2. Nf3 Nc6 3. Bb5 a6 4. Ba4 Nf6 5. 0-0 b5 6. Bb3 Bc5 7. a4 Rb8 8. c3 d6 9. d4 Bb6 10. a5 Ba7 11. h3 0-0 12. Be3 Re8 13. Nbd2 h6 14. Re1 b4 15. Qc2 Bb7 16. d5 Bxe3 17. Rxe3 Ne7 18. Ba4 c6 19. cxb4 cxd5 20. Bxe8 Qxe8 21. exd5 Nexd5 22. Ree1 Nxb4 23. Qc7 Qd8 24. Qxd8+ Rxd8 25. Rec1 Nfd5 26. Ra3 Bc6 27. Kh2 f6 28. Nh4 Bb5 29. Nf5 Nd3 30. Rc2 N3b4 31. Rc1 Nd3 32. Rc2 N3b4 33. Rc1 1/2-1/2